000 00515 a2200181 4500
001 141883
040 _cLeonardo Da Vinci
041 _aPortuguês
082 _ar503 B477ci
_bB477ci
100 _aMARGENAU, Henry
_aBERGAMINI, David
245 _aBiblioteca da natureza Life
_bo cientista
260 _bJosé Olympio
_c1982
_aRio de Janeiro
300 _a204
362 _a19820000
490 _aLIFE
697 _aReferência
_aEnciclopédia
_aCiência
_aCientistas
_aMétodo científico
_aTecnologia
942 _cBK
999 _c141883
_d141883